000 00895nam a2200277 a 4500
001 418
003 BR-CuiBMT
005 20231106185654.0
008 231106s2015 spba 000 0 por d
020 _a9788530958916
040 _aBR-CuiBMT
_cBR-CuiBMT
080 _22007
_a346.1
090 _a346.1
_bM419d
_c3. ed.
100 1 _aMasso, Fabiano Del,
_d1971-
245 _aDireito econômico esquematizado /
_cFabiano Del Masso.
250 _a3. ed. rev. e atual.
260 _aSão Paulo :
_bMétodo,
_c2015.
300 _a360 .:
_bil.
_c23 cm
500 _aJurisprudência atualizada do STJ; gráficos e quadros esquemáticos ; questões de concursos públicos, informações retiradas da capa.
504 _aInclui bibliografia.
650 _aDireito econômico
650 _aServiço público
650 _aComércio regulamentado
650 _aDireito comercial
942 _2udc
_cLV
999 _c418
_d418